<?xml version="1.0" encoding="UTF-8"?>
<record
    xmlns:xsi="http://www.w3.org/2001/XMLSchema-instance"
    xsi:schemaLocation="http://www.loc.gov/MARC21/slim http://www.loc.gov/standards/marcxml/schema/MARC21slim.xsd"
    xmlns="http://www.loc.gov/MARC21/slim">

  <leader>00648nam a2200193 a 4500</leader>
  <controlfield tag="001">84533)</controlfield>
  <controlfield tag="003">BD-RjUL</controlfield>
  <controlfield tag="005">20241212132307.0</controlfield>
  <controlfield tag="008">241212s1955    ii ||||| |||| 00| 0 urd d</controlfield>
  <datafield tag="035" ind1=" " ind2=" ">
    <subfield code="a">(BD-RjUL)84533)</subfield>
  </datafield>
  <datafield tag="040" ind1=" " ind2=" ">
    <subfield code="a">BD-RjUL</subfield>
    <subfield code="b">eng</subfield>
    <subfield code="c">BD-RjUL</subfield>
  </datafield>
  <datafield tag="041" ind1=" " ind2=" ">
    <subfield code="a">urd</subfield>
  </datafield>
  <datafield tag="082" ind1=" " ind2=" ">
    <subfield code="2">23</subfield>
    <subfield code="a">915.47</subfield>
    <subfield code="b">DAD 1955</subfield>
  </datafield>
  <datafield tag="245" ind1="1" ind2="0">
    <subfield code="a">&#x688;&#x6BE;&#x627;&#x626;&#x6CC; &#x6C1;&#x641;&#x62A;&#x6C1; &#x67E;&#x627;&#x6A9;&#x633;&#x62A;&#x627;&#x646; &#x645;&#x6CC;&#x6BA; &#x6CC;&#x627; &#x645;&#x628;&#x627;&#x631;&#x6A9; &#x633;&#x641;&#x631; ;; dhai haftah pakistan min yaa mubark safar /</subfield>
    <subfield code="c">&#x639;&#x628;&#x62F; &#x627;&#x644;&#x645;&#x627;&#x62C;&#x62F; &#x62F;&#x631;&#x6CC;&#x627;&#x628;&#x627;&#x62F;&#x6CC; ;; Abdul Majid Daryabadi</subfield>
  </datafield>
  <datafield tag="260" ind1=" " ind2=" ">
    <subfield code="a">Lakhnuw :</subfield>
    <subfield code="b">United India preess,</subfield>
    <subfield code="c">1955</subfield>
  </datafield>
  <datafield tag="300" ind1=" " ind2=" ">
    <subfield code="a">140 p.; </subfield>
    <subfield code="c">18 cm</subfield>
  </datafield>
  <datafield tag="650" ind1=" " ind2=" ">
    <subfield code="a"> travels!</subfield>
    <subfield code="v">Pakistan,</subfield>
    <subfield code="9">14678</subfield>
  </datafield>
  <datafield tag="942" ind1=" " ind2=" ">
    <subfield code="2">ddc</subfield>
    <subfield code="c">BK</subfield>
  </datafield>
  <datafield tag="999" ind1=" " ind2=" ">
    <subfield code="c">84533</subfield>
    <subfield code="d">84533</subfield>
  </datafield>
  <datafield tag="952" ind1=" " ind2=" ">
    <subfield code="0">0</subfield>
    <subfield code="1">0</subfield>
    <subfield code="2">ddc</subfield>
    <subfield code="4">0</subfield>
    <subfield code="7">1</subfield>
    <subfield code="8">NFIC</subfield>
    <subfield code="a">RUCL</subfield>
    <subfield code="b">RUCL</subfield>
    <subfield code="c">Reading</subfield>
    <subfield code="d">1965-10-05</subfield>
    <subfield code="e">Urdu Library, </subfield>
    <subfield code="g">3.25</subfield>
    <subfield code="o">U 915.47 DAD 1955</subfield>
    <subfield code="r">2024-12-12 00:00:00</subfield>
    <subfield code="t">C-1</subfield>
    <subfield code="y">BK</subfield>
  </datafield>
  <datafield tag="952" ind1=" " ind2=" ">
    <subfield code="0">0</subfield>
    <subfield code="1">0</subfield>
    <subfield code="2">ddc</subfield>
    <subfield code="4">0</subfield>
    <subfield code="7">0</subfield>
    <subfield code="8">NFIC</subfield>
    <subfield code="a">RUCL</subfield>
    <subfield code="b">RUCL</subfield>
    <subfield code="c">GEN</subfield>
    <subfield code="d">1965-10-05</subfield>
    <subfield code="e">Urdu Library </subfield>
    <subfield code="g">3.25</subfield>
    <subfield code="l">0</subfield>
    <subfield code="o">U 915.47 DAD 1955</subfield>
    <subfield code="r">2025-02-08 00:00:00</subfield>
    <subfield code="t">C-2</subfield>
    <subfield code="w">2025-02-08</subfield>
    <subfield code="y">BK</subfield>
  </datafield>
</record>
